<A> helyi önkormányzatok fejlődési perspektívái közép – kelet Európában. Közös tanulás és innovációk Konferencia kötet

Saved in:
Bibliographic Details
Corporate Author: Perspectives of local governments in Central-Eastern Europe. Common learning and Innovations
Format: Book
Language:Hungarian
English
Published: Budapest Belügyminisztérium 2019
Edition:1. Edition
Subjects:
Tags: Add Tag
No Tags, Be the first to tag this record!

MARC

LEADER 00000nlm a2200000 4500
001 0259535
005 20240822101706.8
020 |a 978-963-9208-58-2 
041 0 |a hun 
041 0 |a eng 
044 |a HU 
245 1 0 |a <A> helyi önkormányzatok fejlődési perspektívái közép – kelet Európában. Közös tanulás és innovációk  |b Konferencia kötet 
250 |a 1. Edition 
264 1 |a Budapest  |b Belügyminisztérium  |c 2019 
300 |a 367 s. 
610 2 0 |a vláda 
610 2 0 |a inovácia 
610 2 0 |a vzdelávanie 
110 2 |a Perspectives of local governments in Central-Eastern Europe. Common learning and Innovations